Облачные вычисления: современные модели предоставления услуг и возможные риски; Молодежь и современные информационные технологии; Т. 2

Dettagli Bibliografici
Parent link:Молодежь и современные информационные технологии: сборник трудов XIII Международной научно-практической конференции студентов, аспирантов и молодых ученых, г. Томск, 9-13 ноября 2015 г./ Национальный исследовательский Томский политехнический университет (ТПУ), Институт кибернетики (ИК) ; под ред. Т. Е. Мамоновой [и др.].— , 2016
Т. 2.— 2016.— [С. 105-106]
Autore principale: Саклаков В. М. Василий Михайлович
Ente Autore: Национальный исследовательский Томский политехнический университет (ТПУ) Институт кибернетики (ИК) Кафедра оптимизации систем управления (ОСУ)
Altri autori: Иванов М. А. Максим Анатольевич (научный руководитель)
Riassunto:Заглавие с титульного экрана
Lingua:russo
Pubblicazione: 2016
Serie:Информационные технологии в производстве и управлении
Soggetti:
Accesso online:http://earchive.tpu.ru/handle/11683/16997
Natura: MixedMaterials Elettronico Capitolo di libro
KOHA link:https://koha.lib.tpu.ru/cgi-bin/koha/opac-detail.pl?biblionumber=617680

MARC

LEADER 00000naa2a2200000 4500
001 617680
005 20240301103300.0
035 |a (RuTPU)RU\TPU\conf\15993 
035 |a RU\TPU\conf\15992 
090 |a 617680 
100 |a 20160321d2016 k y0rusy50 ca 
101 0 |a rus 
102 |a RU 
105 |a y z 101zy 
135 |a drcn ---uucaa 
181 0 |a i  
182 0 |a b 
200 1 |a Облачные вычисления: современные модели предоставления услуг и возможные риски  |f В. М. Саклаков  |g науч. рук. М. А. Иванов 
203 |a Текст  |c электронный 
225 1 |a Информационные технологии в производстве и управлении 
300 |a Заглавие с титульного экрана 
320 |a [Библиогр.: с. 105 (6 назв.)] 
337 |a Adobe Reader 
461 1 |0 (RuTPU)RU\TPU\conf\15701  |t Молодежь и современные информационные технологии  |o сборник трудов XIII Международной научно-практической конференции студентов, аспирантов и молодых ученых, г. Томск, 9-13 ноября 2015 г.  |o в 2 т.  |f Национальный исследовательский Томский политехнический университет (ТПУ), Институт кибернетики (ИК) ; под ред. Т. Е. Мамоновой [и др.]  |d 2016 
463 0 |0 (RuTPU)RU\TPU\conf\15706  |t Т. 2  |v [С. 105-106]  |d 2016 
610 1 |a труды учёных ТПУ 
610 1 |a электронный ресурс 
610 1 |a облачные вычисления 
610 1 |a программное обеспечение 
610 1 |a вычислительные ресурсы 
610 1 |a инфраструктура 
610 1 |a виртуализация 
700 1 |a Саклаков  |b В. М.  |c специалист в области информатики и вычислительной техники  |c cтарший преподаватель Томского политехнического университета  |f 1989-  |g Василий Михайлович  |9 21244 
702 1 |a Иванов  |b М. А.  |c специалист в области информационных технологий  |c инженер института «Кибернетический центр» Томского политехнического университета  |f 1980-  |g Максим Анатольевич  |4 727 
712 0 2 |a Национальный исследовательский Томский политехнический университет (ТПУ)  |b Институт кибернетики (ИК)  |b Кафедра оптимизации систем управления (ОСУ)  |3 (RuTPU)RU\TPU\col\18702 
801 2 |a RU  |b 63413507  |c 20180214  |g RCR 
856 4 |u http://earchive.tpu.ru/handle/11683/16997 
942 |c BK